MARC details
| 000 -LEADER |
| fixed length control field |
01365cam a2200337 a 4500 |
| 001 - CONTROL NUMBER |
| control field |
3576002 |
| 003 - CONTROL NUMBER IDENTIFIER |
| control field |
GZU |
| 005 - DATE AND TIME OF LATEST TRANSACTION |
| control field |
20201117100205.0 |
| 008 - FIXED-LENGTH DATA ELEMENTS--GENERAL INFORMATION |
| fixed length control field |
990326s2000 mau b 001 0 eng |
| 010 ## - LIBRARY OF CONGRESS CONTROL NUMBER |
| LC control number |
99027906 |
| 020 ## - INTERNATIONAL STANDARD BOOK NUMBER |
| International Standard Book Number |
0256241163 (alk. paper) |
| 040 ## - CATALOGING SOURCE |
| Original cataloging agency |
DLC |
| Transcribing agency |
DLC |
| Modifying agency |
DLC |
| 050 00 - LIBRARY OF CONGRESS CALL NUMBER |
| Classification number |
HD58.8 |
| Item number |
.ORG 2000 |
| 082 00 - DEWEY DECIMAL CLASSIFICATION NUMBER |
| Classification number |
658.4/06 |
| Edition number |
21 |
| 245 00 - TITLE STATEMENT |
| Title |
Organization development and transformation : |
| Remainder of title |
managing effective change / |
| Statement of responsibility, etc. |
edited by Wendell L. French, Cecil H. Bell, Jr., Robert A. Zawacki. |
| 250 ## - EDITION STATEMENT |
| Edition statement |
5th ed. |
| 260 ## - PUBLICATION, DISTRIBUTION, ETC. |
| Place of publication, distribution, etc. |
Boston : |
| Name of publisher, distributor, etc. |
Irwin/McGraw-Hill, |
| Date of publication, distribution, etc. |
c2000. |
| 300 ## - PHYSICAL DESCRIPTION |
| Extent |
xiii, 546 p. ; |
| Dimensions |
24 cm. |
| 504 ## - BIBLIOGRAPHY, ETC. NOTE |
| Bibliography, etc. note |
Includes bibliographical references and index. |
| 650 #0 - SUBJECT ADDED ENTRY--TOPICAL TERM |
| Topical term or geographic name entry element |
Organizational change. |
| 700 1# - ADDED ENTRY--PERSONAL NAME |
| Personal name |
French, Wendell L., |
| Dates associated with a name |
1923- |
| 700 1# - ADDED ENTRY--PERSONAL NAME |
| Personal name |
Bell, Cecil, |
| Dates associated with a name |
1935- |
| 700 1# - ADDED ENTRY--PERSONAL NAME |
| Personal name |
Zawacki, Robert A. |
| 856 42 - ELECTRONIC LOCATION AND ACCESS |
| Materials specified |
Contributor biographical information |
| Uniform Resource Identifier |
<a href="http://www.loc.gov/catdir/bios/mh042/99027906.html">http://www.loc.gov/catdir/bios/mh042/99027906.html</a> |
| 856 42 - ELECTRONIC LOCATION AND ACCESS |
| Materials specified |
Publisher description |
| Uniform Resource Identifier |
<a href="http://www.loc.gov/catdir/description/mh023/99027906.html">http://www.loc.gov/catdir/description/mh023/99027906.html</a> |
| 856 41 - ELECTRONIC LOCATION AND ACCESS |
| Materials specified |
Table of contents |
| Uniform Resource Identifier |
<a href="http://www.loc.gov/catdir/toc/mh023/99027906.html">http://www.loc.gov/catdir/toc/mh023/99027906.html</a> |
| 906 ## - LOCAL DATA ELEMENT F, LDF (RLIN) |
| a |
7 |
| b |
cbc |
| c |
orignew |
| d |
1 |
| e |
ocip |
| f |
19 |
| g |
y-gencatlg |
| 942 ## - ADDED ENTRY ELEMENTS (KOHA) |
| Source of classification or shelving scheme |
Library of Congress Classification |
| Koha item type |
Books |
| Classification part |
58.8 |
| Item part |
ORG |
| Call number prefix |
HD |